| 000 | 00000nam 2200000zi 4500 |
| 001 | 9.940707 |
| 003 | CaOODSP |
| 005 | 20240718140512 |
| 006 | m o d f |
| 007 | cr bn||||||||| |
| 008 | 240718t19771977onc o f000 0 fre d |
| 020 | |a0662013913 |q(imprimé) |
| 040 | |aCaOODSP|bfre|erda|cCaOODSP |
| 041 | 0 |aeng|afre |
| 043 | |an-cn--- |
| 086 | 1 |aEn42-1/01-77-4-PDF |
| 086 | 1 |aEn42-1/77-4 |
| 100 | 1 |aLoughlin, F. S., |ecompilateur. |
| 245 | 14|aThe Clean Air Act - compilation of regulations and guidelines / |ccompiled by F.S. Loughlin = La Loi sur la lutte contre la pollution atmosphérique - compilation des reglements et lignes directrices / compilé par F.S. Loughlin. |
| 246 | 31|aLoi sur la lutte contre la pollution atmosphérique - compilation des reglements et lignes directrices |
| 264 | 1|a[Ottawa] : |bEnvironment Canada, Environmental Protection Service = Environnement Canada, Service de la protection de l'environnement, |c1977. |
| 264 | 4|c©1977 |
| 300 | |a1 ressource en ligne (68 pages). |
| 336 | |atexte|btxt|2rdacontent/fre |
| 337 | |ainformatique|bc|2rdamedia/fre |
| 338 | |aressource en ligne|bcr|2rdacarrier/fre |
| 490 | 1 |aEnvironmental Protection Service report series = |aSérie de rapports du Service de la protection de l'environnement |
| 500 | |a« Section des publications, Direction générale de la lutte contre la pollution atmosphérique. » |
| 500 | |a« Rapport EPS 1-AP-71-4, novembre 1977. » |
| 500 | |a« Reglements, codes, et accords, rapport EPS 1-AP-77-4 » -- Couverture. |
| 500 | |a« Direction générale de la lutte contre la pollution atmosphérique ... » -- Couverture. |
| 500 | |aÉdition numérisée de l'imprimé [par Environnement et changement climatique Canada]. |
| 546 | |aTexte en anglais et en français. |
| 610 | 16|aCanada. |tLoi sur la lutte contre la pollution atmosphérique. |
| 650 | 6|aAir|xPollution|xDroit|zCanada. |
| 710 | 1 |aCanada. |bService de la protection de l'environnement, |eorganisme de publication. |
| 710 | 1 |aCanada. |bDirection générale de la lutte contre la pollution atmosphérique, |eorganisme de publication. |
| 788 | |tThe Clean Air Act - compilation of regulations and guidelines / |eeng|w(CaOODSP)9.940705 |
| 830 | #0|aSérie de rapports du Service de la protection de l'environnement.|w(CaOODSP)9.866045 |
| 856 | 40|qPDF|s2.91 Mo|uhttps://publications.gc.ca/collections/collection_2024/eccc/en42/En42-1-01-77-4.pdf |